| 000 | 00761cam a22002653a 4500 | ||
|---|---|---|---|
| 001 | 32691 | ||
| 003 | PGUSA | ||
| 005 | 20140828083716.0 | ||
| 008 | 100604s2010||||xxu|||||s|||||000 1 eng d | ||
| 040 |
_aPGUSA _beng |
||
| 042 | _adc | ||
| 050 | 4 | _aPQ | |
| 100 | 1 | _aErckmann-Chatrian | |
| 245 | 1 | 0 |
_aEl Tresor del Vell Cavaller _h[electronic resource] / _cErckmann-Chatrian |
| 260 |
_bProject Gutenberg, _c2010 |
||
| 505 | 0 | _aEl tresor del vell Cavaller -- Huc el Llop. | |
| 506 | _aPublic domain in the USA. | ||
| 516 | _aElectronic text | ||
| 653 | _aWerewolves -- Fiction | ||
| 653 | _aTreasure troves -- Fiction | ||
| 700 | 1 | _aSitjar, Joan | |
| 830 | 0 |
_aProject Gutenberg _v32691 |
|
| 856 | 4 | 0 | _uhttp://www.gutenberg.org/ebooks/32691 |
| 942 | _cEB | ||
| 999 |
_c261946 _d261946 |
||